| 000 | 00660nam a2200193 i 4500 | ||
|---|---|---|---|
| 001 | bg | ||
| 245 | 0 |
_aFizika tonkich plenok. Sovremennoje sostojanie issledovanij i techniceskie primenenija / _cPod obsc. red. Maurice[a] H. Francombe[a], Richard[a] W. Hoffman[a] ; Perev. s ang. - T. 6. |
|
| 260 |
_aMoskva, _c1973. |
||
| 300 |
_as. 392 : _brys., ilustr.,tab. |
||
| 500 | _a[Na k. tyt. red. :] Ch. M. Frankomb, R. U. Gofman. | ||
| 500 | _a[Alf. ros.]. | ||
| 700 | 1 |
_aFRANCOMBE, Maurice H. _eRed. |
|
| 700 | 1 |
_aHOFFMAN, Richard W. _eRed. |
|
| 040 | _cBPK | ||
| 041 | _apol | ||
| 080 | _a538.9 | ||
| 942 | _cKS | ||
| 008 | s pl f |000 0 pol | ||
| 999 |
_c15652 _d15652 |
||
| 856 |
_uhttp://koha.tu.koszalin.pl/cgi-bin/koha/opac-detail.pl?biblionumber=15652 _yKatalog online BPK |
||